Alternatives to domestic rates

Bibliographic Details
Format: Book
Language:English
Published: London : HMSO 1986
Subjects:

MARC

LEADER 00000cam a2200000 7i4500
001 0000002796
005 20240926.0
008 991201 enk a eng
020 |a 0101844905 
040 |a INS   |b eng   |e rda 
090 0 0 |a HJ9426   |b .A1792 1986 
245 0 0 |a Alternatives to domestic rates 
264 1 |a London :   |b HMSO   |c 1986 
300 |a 81 pages :   |b illustrations ;   |c 24 cm. 
336 |a text  |2 rdacontent 
337 |a unmediated  |2 rdamedia 
338 |a volume  |2 rdacarrier 
650 0 |a Local taxation 
999 |a 0000004118   |b BOOK   |c Open Shelf   |e Default branch